000 01270nam a2200349 i 4500
003 EG-GICUC
005 20260508160629.0
008 260415s1935 cn |||fr|||| 001 0 fre d
040 _aEG-GiCUC
_bfre
_cEG-GiCUC
_dEG-GiCUC
_eRda
041 1 _afre
082 0 4 _221
_a343.1
_bCO
092 0 4 _221
099 _aLaw1 10 343.1 CO 1935
245 0 0 _aCode pénal de la République chinoise /
_ctexte chinois accompagné d’une traduction française par C. M. Ricard et Ph. Kou Cheou-Hi ; avec la collaboration de P. C. Leblanc et Wang Tse-Sin
246 1 _a中華民國刑法
264 1 _aTientsin ; Shanghai :
_b Hautes Études ; Université L’Aurore,
_c1935.
300 _a97 page ;
_c 24 cm.
336 _2rda contenu
_a texte
337 _2rda medias
_aOrdinateur
338 _2 transporteur rda
_a Ressource en ligne
504 _aComprend des références bibliographiques.
546 _aTexte en français
650 1 _aDroit pénal
_2qrmak
651 1 _2qrmak
700 1 _aLeblanc, p. c.
_eÉditeur
700 1 _aRicard, C. M
_eIllustrateur
700 1 _a Kou Cheou-Hi,
_eContributeur
700 1 _aWang Tse-Sin
_eContributeur
856 4 0 _uhttps://fll.law.cu.edu.eg/fulltext/bks/B10-11011.pdf
905 _a74
942 _2ddc
_cBK
_e21
_n0
999 _c70990
_d70990